| 000 | 01361nam a22003737i 4500 | ||
|---|---|---|---|
| 001 | 1668173 | ||
| 003 | URS | ||
| 005 | 20220114153041.0 | ||
| 008 | 161010b xxu||||| |||| 00| 0 eng d | ||
| 010 | _a 97946724 | ||
| 020 | _a9715551742 | ||
| 040 |
_aDLC _erda _cURSP-College Library _dDLC _beng |
||
| 042 | _alcode | ||
| 043 | _aa-ph--- | ||
| 050 | 0 | 0 |
_aHV1484.P62 _b155 S53 1995 |
| 100 | 1 | _aSomera, Rene D. | |
| 245 | 1 | 0 |
_aBordered aging : _bethnography of daily life in a Filipino home for the aged / _cRene D. Somera. |
| 246 | 3 | 0 | _aEthnography of daily life in a Filipino home for the aged |
| 250 | _a2nd ed. | ||
| 264 | 1 |
_aMalate, Manila, Philippines : _bDe La Salle University Press, _c1997. |
|
| 300 |
_axiv, 297 pages : _billustrations ; _c23cm |
||
| 336 |
_atext _btxt _2rdacontent |
||
| 337 |
_aunmediated _bn _2rdamedia |
||
| 338 |
_avolume _bnc _2rdacarrier |
||
| 500 | _aRevision of the author's thesis (doctoral--Michigan State University). | ||
| 504 | _aIncludes bibliographical references (pages 286-297). | ||
| 650 | 0 |
_aOlder people _xServices for _zPhilippines. |
|
| 650 | 0 |
_aGerontology _zPhilippines. |
|
| 650 | 0 |
_aAging _xSocial aspects _zPhilippines. |
|
| 650 | 0 |
_aOlder people _xCare _zPhilippines. |
|
| 906 |
_a7 _bcbc _corigode _d3 _encip _f19 _gy-gencatlg |
||
| 942 |
_2lcc _cF |
||
| 999 |
_c8081 _d8081 |
||